| 000 | 02086cam a2200613 a 4500 | ||
|---|---|---|---|
| 001 | 22821 | ||
| 003 | SK-KTurca | ||
| 005 | 20260428161301.0 | ||
| 008 | 250604s1990 xo gaf br 000 m slo | ||
| 015 | _aSNBA1990/10 | ||
| 020 |
_a8085128799 _q(viazané) |
||
| 035 | _aurn:nbn:sk:snk-amli72 | ||
| 035 | _aurn:nbn:sk:snk-am00bmwl | ||
| 035 | _a742F8E0B-F7A5-479C-83FF-ADBCAA6F5EC1 | ||
| 040 |
_aSNK _bslo _cSNK _eAACR2 |
||
| 041 | 0 | _aslo | |
| 043 | _ae-xo--- | ||
| 044 |
_axo _cSK |
||
| 072 | 7 |
_a821.162.4-1 _xSlovenská poézia _2konspekt |
|
| 072 | 7 |
_a821.162.4-3 _xSlovenská próza _2konspekt |
|
| 072 | 7 |
_a821-93 _xLiteratúra pre deti a mládež (beletria) _2konspekt |
|
| 080 |
_a27-246 _22011 |
||
| 080 |
_a27-242 _22001 |
||
| 080 |
_a2‑282.4 _22011 |
||
| 080 |
_a(0:82-141) _22011 |
||
| 080 |
_a783.6 _22011 |
||
| 080 |
_a82-93-053.4/.5 _22011 |
||
| 080 |
_a821.162.4-1 _22011 |
||
| 080 |
_a821.162.4-3 _22011 |
||
| 100 | 1 |
_aKýška, Miroslav, _d1928-2012 _4aut |
|
| 245 | 1 | 0 |
_aSvetielko _cMiroslav Kýška ; [ilustrovala Jana Krivošová] |
| 250 | _a1. vyd. | ||
| 260 |
_aBratislava _bVesna _c1990 |
||
| 300 |
_a97 strán _bfarebné ilustrácie, noty _c26 cm |
||
| 500 | _aIlustrácie na titulnej strane a na predsádkach | ||
| 500 | _aVydal Tranoscius, Liptovský Mikuláš vo Vydavateľstve Vesna | ||
| 610 | 2 | 7 |
_aEvanjelická cirkev a.v _2SNKKA |
| 630 | 0 | 7 |
_aBiblia _pNový zákon _2SNKPH |
| 630 | 0 | 7 |
_aBiblia _pStarý zákon _2SNKPH |
| 650 | 0 | 7 |
_akresťanská viera _2SNKPH |
| 650 | 0 | 7 |
_abiblické príbehy _2SNKPH |
| 655 | 7 |
_akatechizmy _2SNKPH |
|
| 655 | 7 |
_aliteratúra pre deti a mládež _2SNKPH |
|
| 655 | 7 |
_ailustrované publikácie _2SNKPH |
|
| 655 | 7 |
_anáboženská poézia _2SNKPH |
|
| 655 | 7 |
_aduchovné piesne _2SNKPH |
|
| 655 | 7 |
_aslovenská poézia _2SNKPH |
|
| 655 | 7 |
_aslovenské prózy _2SNKPH |
|
| 700 | 1 |
_aKrivošová, Janka, _d1939- _4ill |
|
| 710 | 2 |
_aTranoscius (Liptovský Mikuláš, Slovensko) _4pbl |
|
| 942 |
_2ddc _cKLDE _n0 |
||
| 999 |
_c22821 _d22821 |
||